000 00311nam a22001457a 4500
008 210527b ||||| |||| 00| 0 eng d
020 _a0811200973
041 _aeng
080 _a82
082 _a82
100 _a21
101 _aGJL
245 _aGandhi on Non Violence
_cThomas Merton
942 _2udc
_cBK
999 _c57737
_d57737